Responses for Show #2359 - Thursday, December 1, 1994

Missing Deanna's introduction.

Contestants

[<< previous game]

Deanna Duby, an attorney from

John Cotner, a lawyer from Grand Rapids, Michigan

Kevin Mulhern, a computer programming consultant from Stanhope, New Jersey (whose 1-day cash winnings total $7,000)

[next game >>]

Jeopardy! Round responses

SCIENCE & NATURE
ACTORS ONSTAGE
TRAINS
U.S. STATES
FOOD & DRINK
BLANKETY-BLANK
(Alex: Each correct response in this category will have the same syllables, accents, as BLANKETY-BLANK.)
    $100 16
the cheetah

John
    $100 8
James Dean

Kevin
    $100 21
Vesuvius

Kevin
    $100 1
South Dakota

Kevin
    $100 6
cider

Kevin
    $100 26
hippety-hop

Deanna
    $200 17
sleet

John
    $200 9
Virginia Woolf

Kevin
    $1,600 22
London & Edinburgh

Kevin
    $200 2
(Kevin: What is, who is, U.S. Grant?)

General Washington

KevinJohn
    $200 7
pound cake

Deanna
    $200 27
clippety-clop

Deanna
    $300 18
(Kevin: What is igneous rock?)

sedimentary

KevinJohn
    $300 10
The Music Man

Deanna
    $300 23
Australia

John
    $300 3
Indiana

Kevin
    $300 13
salt

Deanna
    $300 28
jiggety-jig

Deanna
    $400 19
Mexico

Kevin
    $400 11
Stanley Kowalski

Kevin
    $400 24
Casey Jones

John
    $400 4
West Virginia

Kevin
    $400 14
(John: What is, uh, cinnamon?)

ginger

JohnDeanna
    $400 29
yakety-yak

Deanna
    $500 20
mesquite

Deanna
    $500 12
The Tempest

Deanna
    $500 25
the Atchison, Topeka & the Santa Fe

Deanna
    $500 5
Kansas

Kevin
    $500 15
Spain

Kevin
    $500 30
(Alex: Hey, you did well in that category; you're up on your BLANKETY-BLANK.)
[Applause for Deanna running the category.]

lickety-split

Deanna

Scores at the first commercial break (after clue 15):

Kevin John Deanna
$2,400 -$200 $1,700

Scores at the end of the Jeopardy! Round:

Kevin John Deanna
$4,200 $1,100 $4,200

Double Jeopardy! Round responses

HISTORY
OXFORD UNIVERSITY
NOTORIOUS
COUNTRIES OF THE WORLD
WOMEN POETS
ODDS & ENDS
    $200 1
(Kevin: What is the United States?)

England

KevinJohn
    $200 10
the Thames

Triple Stumper
    $200 11
Bonnie & Clyde

Kevin
    $200 18
Haiti

John
    $200 4
Dorothy Parker

Deanna
    $200 22
[Deanna included "the" in the middle of her response.]

Smokey Bear

Deanna
    $400 2
[John gave both responses.]

Gaul or France

John
    $400 12
books

Deanna
    $400 13
Teapot Dome

Kevin
    $400 19
Sri Lanka

Kevin
    $400 5
Sylvia Plath

Deanna
    $400 23
Pig Latin

John
    $600 3
(John: What is who is Cortes?)

Pizarro

JohnDeanna
    $600 28
Roger Bannister

John
    $600 14
(Fulgencio) Batista

Deanna
    $600 20
(John: What is Spain?)

Argentina

JohnDeanna
    $600 6
Emily Dickinson

John
    $600 24
(Alex: [After the next clue selection] Less than a minute to go.)

wrinkles

Deanna
    $800 8
(Kevin: What is Amsterdam?)

Utrecht

KevinJohn
    $800 29
[The end-of-round signal sounds.]

"MAWD-lin"

Triple Stumper
    $800 16
[John gave both responses.]

the (Chicago) Black Sox (Chicago White Sox)

John
    $2,000 21
(Deanna: What is Russia?)

Georgia

Deanna
    $700 7
Elizabeth Barrett Browning

John
    $800 25
a caduceus

Kevin
    $1000 9
the Pahlavi dynasty

John
    $1000 17
(John: Who is Susan...)

Jean Harris

KevinJohn
    $1000 27
(John: What is Kenya?)

Tanzania

KevinJohn
    $1000 15
(Kevin: Who is Maya Angelou?)
(John: Who is Nikki Giovanni?)

Gwendolyn Brooks

KevinJohn
Triple Stumper
    $1000 26
Oliver Wendell Holmes

Kevin

Scores at the end of the Double Jeopardy! Round:

Kevin John Deanna
$7,000 $2,600 $5,800

[wagering suggestions for these scores]

Final Jeopardy! Round responses

BESTSELLING AUTHORS
(Alex: [To Deanna] You are correct, a lot of stories about horse racing.)
JohnWho is Rodgers?
$801
DeannaWho is Dick Francis
$3,000
KevinWho is Dick Francis
$4,601
Dick Francis

Final scores:

Kevin John Deanna
$11,601 $1,799 $8,800
2-day champion: $18,601 3rd place: Magnavox compact VHS camcorder + Jeopardy! home game 2nd place: Broyhill Millwood Creek dining room & Cuthbertson Christmas tree dinnerware + Jeopardy! home game

Game dynamics:

Coryat scores:

Kevin John Deanna
$5,600 $2,700 $7,800
19 R
(including 1 DD),
5 W
16 R
(including 1 DD),
6 W
20 R,
1 W
(including 1 DD)

Combined Coryat: $16,100

[game clues] [game scores] [suggest correction]

Game tape date: 1994-09-12
The J! Archive is created by fans, for fans. Scraping, republication, monetization, and malicious use prohibited; this site may use cookies and collect identifying information. See terms. The Jeopardy! game show and all elements thereof, including but not limited to copyright and trademark thereto, are the property of Jeopardy Productions, Inc. and are protected under law. This website is not affiliated with, sponsored by, or operated by Jeopardy Productions, Inc. Join the discussion at JBoard.tv.